000 01025nam a22002417a 4500
005 20081106163733.0
008 081106t xxu||||| |||| 00| 0 ur d
010 _aUR-7358
020 _c150.00
_a8182233046
035 _aU-5913
037 _bD.B.Act / Pub
082 _a616.8583
100 _aآسوالڈ شوا رز
245 _aسيکس سا ءيکلو جی
_bآسوالڈ شوار ز
246 _aSex Psychology
_bby Asward Shewarz
260 _aدھلی
_bايجو کيشنل پبليشنگ ہا ؤس
_c2007
270 _a 3108،گلی وکيل، کو چہ پنڈت،لال کنو اں
_bدھلی
_e110006
_k23216162
_l9101123211540
_minfo@ephbooks.com,ephdelhi@yahoo.com
300 _a320p
_c22cm (Pbk)
650 _aSex Psychology
650 _aسيکس سا ءيکلو جی
942 _adpl
_cUR
_2ddc
_h616.8583
_mسيک
999 _c5371
_d5371